| 000 | 00828cam a22002531 4500 | ||
|---|---|---|---|
| 001 | 18052 | ||
| 003 | BD-RjUL | ||
| 005 | 20211209000230.0 | ||
| 008 | 140219s1949 enk 001 0 eng d | ||
| 035 | _a(BD-RjUL)18110 | ||
| 035 | _a(OCoLC)2109591 | ||
| 040 |
_aDLC _cNAlU _dOCoLC _dDLC _dBD-RjUL _beng |
||
| 041 | _aeng | ||
| 082 |
_a821.27 _bWYP 1949 |
||
| 100 | 1 |
_aWyatt, Thomas, _d1503?-1542. _955626 |
|
| 245 | 0 | 4 |
_aThe poetry of Sir Thomas Wyatt : _ba selection and a study / _cby E. M. W. Tillyard. |
| 260 |
_aLondon : _bChatto & Windus, _c1949. |
||
| 300 |
_axi, 179 p. ; _c22 cm. |
||
| 504 | _aNotes (bibliographical): p. 143-145. and Index | ||
| 700 | 1 |
_aTillyard, E. M. W. _q(Eustace Mandeville Wetenhall), _d1889-1962, _eed. _955052 |
|
| 942 |
_2ddc _cBK |
||
| 999 |
_c18052 _d18052 |
||